[Event "XXI Coppa Autunno"]
[Site "Ivrea ITA"]
[Date "2010.12.02"]
[Round "9"]
[White "Bogatto, Mario"]
[Black "Bellafiore, Enzo"]
[Result "0-1"]
[WhiteElo "1455"]
[BlackElo "1830"]
[PlyCount "74"]
[EventDate "2010.10.02"]

1. e4 Nf6 2. e5 Nd5 3. d4 d6 4. Nf3 Bg4 5. h3 Bh5 6. Bd2 dxe5 7. Be2 exd4 8.
Nxd4 Bxe2 9. Qxe2 e6 10. c4 Nb4 11. Qe4 Qxd4 12. Qxd4 Nc2+ 13. Kd1 Nxd4 14. g4
Nbc6 15. Bc3 Rd8 16. Nd2 Nf3 17. Rc1 Bc5 18. Ke2 Nxd2 19. Bxd2 Bxf2 20. Rcd1
Bc5 21. Bc3 O-O 22. a3 Bd4 23. Rc1 Bxc3 24. bxc3 Ne5 25. Rhd1 Nxc4 26. Rd4 Rxd4
27. cxd4 b5 28. a4 a6 29. axb5 axb5 30. Rb1 Rb8 31. Kd3 Nd6 32. Re1 b4 33. d5
b3 34. dxe6 fxe6 35. Kc3 b2 36. Rb1 Kf7 37. Rf1+ Ke7 0-1

[Event "XXI Coppa Autunno"]
[Site "Ivrea ITA"]
[Date "2010.12.02"]
[Round "9"]
[White "Moratto, Davide"]
[Black "Paonessa, Denis"]
[Result "1-0"]
[WhiteElo "1854"]
[BlackElo "1902"]
[PlyCount "57"]
[EventDate "2010.10.02"]

1. e4 e5 2. Nf3 Nc6 3. Bb5 a6 4. Ba4 Nf6 5. O-O b5 6. Bb3 Be7 7. d3 O-O 8. a4
Bb7 9. axb5 axb5 10. Rxa8 Qxa8 11. Re1 d6 12. Nbd2 Kh8 13. c3 Nd7 14. Nf1 f5
15. Ne3 fxe4 16. dxe4 Nc5 17. Bd5 Nd7 18. Nf5 Bf6 19. Bg5 Nd8 20. Bxb7 Qxb7 21.
Qd2 Ne6 22. b4 Ra8 23. Bxf6 Nxf6 24. Ng5 Nf4 25. g3 h6 26. gxf4 hxg5 27. fxg5
Nxe4 28. Qe3 g6 29. Qh3+ 1-0

[Event "XXI Coppa Autunno"]
[Site "Ivrea ITA"]
[Date "2010.12.02"]
[Round "9"]
[White "Papalini, Claudio"]
[Black "Castello, Leonardo"]
[Result "1-0"]
[WhiteElo "1718"]
[BlackElo "1407"]
[PlyCount "63"]
[EventDate "2010.10.02"]

1. d4 d5 2. Bf4 Nf6 3. Nf3 e6 4. e3 Be7 5. Bd3 O-O 6. O-O Nc6 7. c3 Bd7 8. Nbd2
b6 9. Qc2 Rb8 10. Rfe1 a5 11. e4 Rb7 12. e5 Ng4 13. h3 Nh6 14. Bxh6 gxh6 15.
Bxh7+ Kh8 16. Bd3 f6 17. Nh4 fxe5 18. Ng6+ Kg7 19. Nxf8 Bxf8 20. dxe5 Qg5 21.
Re3 Nxe5 22. Rg3 Qxg3 23. fxg3 Nxd3 24. Qxd3 Bc6 25. Nf3 Bc5+ 26. Kh1 Kf6 27.
Re1 b5 28. Nh4 b4 29. Qg6+ Ke7 30. Qxe6+ Kd8 31. Qxc6 Rb6 32. Qe8# 1-0

[Event "XXI Coppa Autunno"]
[Site "Ivrea ITA"]
[Date "2010.12.02"]
[Round "9"]
[White "Razzano, Lorenzo"]
[Black "Listello, Massimiliano"]
[Result "1-0"]
[WhiteElo "1928"]
[BlackElo "1558"]
[PlyCount "87"]
[EventDate "2010.10.02"]

1. e4 e6 2. Nf3 d5 3. Nc3 Nf6 4. e5 Nfd7 5. d4 c5 6. dxc5 Nxc5 7. Bf4 Nc6 8.
Qd2 d4 9. Nb5 Ne4 10. Qd3 Bb4+ 11. Nd2 Nxd2 12. Bxd2 Bxd2+ 13. Qxd2 Nxe5 14.
Qxd4 Qxd4 15. Nxd4 a6 16. O-O-O b5 17. Be2 Bb7 18. f3 O-O 19. Rhe1 Nc6 20. Nb3
Nb4 21. Na5 Bd5 22. a3 Nc6 23. Rxd5 Nxa5 24. Rd6 Rfc8 25. Red1 g6 26. c3 Kg7
27. Kc2 Nc4 28. Bxc4 Rxc4 29. Rb6 Rc5 30. Rdd6 a5 31. Rb7 h5 32. Rxe6 Rg5 33.
g3 h4 34. g4 Rd5 35. Ree7 Rad8 36. Re2 Kf6 37. f4 R8d7 38. Rxd7 Rxd7 39. Re5
Rb7 40. g5+ Kg7 41. a4 b4 42. Rxa5 b3+ 43. Kd3 Rd7+ 44. Ke2 1-0

[Event "XXI Coppa Autunno"]
[Site "Ivrea ITA"]
[Date "2010.12.02"]
[Round "9"]
[White "Trovero, Leo"]
[Black "Giunto, Stefano"]
[Result "0-1"]
[WhiteElo "1455"]
[BlackElo "1392"]
[PlyCount "74"]
[EventDate "2010.10.02"]

1. d4 d5 2. c4 e6 3. Nc3 Nf6 4. Bg5 Nbd7 5. Nf3 Be7 6. e3 O-O 7. Rc1 c6 8. cxd5
exd5 9. Bd3 Re8 10. O-O Nf8 11. Ne5 Ng6 12. Nxg6 hxg6 13. Qc2 Qc7 14. Bf4 Bd6
15. Bxd6 Qxd6 16. h3 g5 17. Bf5 g6 18. Bxc8 Raxc8 19. Qe2 Qd7 20. Qf3 Kg7 21.
Qg3 g4 22. h4 Nh5 23. Qh2 Rh8 24. Qe5+ f6 25. Qh2 Rce8 26. Nb5 Qd8 27. Nxa7 Qb6
28. Nxc6 bxc6 29. Qd6 Qxb2 30. Rxc6 Qxa2 31. Rc7+ Kh6 32. Qd7 Qe2 33. Qxd5 g3
34. Qd7 gxf2+ 35. Rxf2 Qxe3 36. g4 Qg3+ 37. Rg2 Re1# 0-1

[Event "VIII Festival A"]
[Site "Amantea ITA"]
[Date "2010.08.29"]
[Round "1"]
[White "Borsos, Bogdan"]
[Black "Rotelli, Pietro"]
[Result "1-0"]
[WhiteElo "2342"]
[BlackElo "1959"]
[PlyCount "85"]
[EventDate "2010.08.29"]

1. e4 c6 2. d4 d5 3. exd5 cxd5 4. c4 Nf6 5. Nc3 Nc6 6. Nf3 e6 7. Bg5 Be7 8. a3
a5 9. Bd3 dxc4 10. Bxc4 Nd5 11. h4 h6 12. Bxe7 Ncxe7 13. Bb5+ Bd7 14. Bxd7+
Qxd7 15. Ne5 Nxc3 16. bxc3 Qc7 17. Qa4+ Nc6 18. Rb1 O-O 19. Nxc6 Qxc6 20. Qxc6
bxc6 21. Ke2 Rab8 22. Kd3 Rfc8 23. c4 Kf8 24. c5 Ke7 25. Kc4 Kd7 26. Rb6 Rxb6
27. cxb6 Kd6 28. Rb1 Rb8 29. f4 h5 30. a4 Rb7 31. Rb3 g6 32. Rb2 Rb8 33. b7 Kc7
34. Kc5 Rxb7 35. Rxb7+ Kxb7 36. Kd6 Kb6 37. g3 Kb7 38. Ke7 c5 39. dxc5 Kc6 40.
Kxf7 Kxc5 41. Kxg6 Kb4 42. Kxh5 Kxa4 43. Kg4 1-0

[Event "VIII Festival A"]
[Site "Amantea ITA"]
[Date "2010.08.29"]
[Round "1"]
[White "Cangiano, Federico"]
[Black "Isonzo, David"]
[Result "0-1"]
[WhiteElo "1960"]
[BlackElo "2357"]
[PlyCount "74"]
[EventDate "2010.08.29"]

1. d4 Nf6 2. Nf3 g6 3. Nc3 d5 4. Bf4 Bg7 5. e3 O-O 6. h3 c5 7. Be2 Nc6 8. O-O
cxd4 9. exd4 Bf5 10. a3 Ne4 11. Na4 a6 12. c3 Rc8 13. Rc1 b5 14. Nc5 Nxc5 15.
dxc5 d4 16. g4 Be4 17. cxd4 Nxd4 18. b4 Nxe2+ 19. Qxe2 Bd3 20. Qa2 Bxf1 21.
Rxf1 Qd3 22. Kg2 Rfd8 23. Re1 e6 24. Re3 Qd1 25. Be5 Bxe5 26. Rxe5 Rd3 27. Re3
Rxe3 28. fxe3 a5 29. Qb2 axb4 30. axb4 Qd5 31. Kg3 f6 32. Qc2 Rd8 33. Qc3 e5
34. Kf2 Ra8 35. Kg3 Kg7 36. h4 Re8 37. e4 Qxe4 0-1

[Event "VIII Festival A"]
[Site "Amantea ITA"]
[Date "2010.08.29"]
[Round "1"]
[White "Colucci, Pasquale"]
[Black "Collutiis, Duilio"]
[Result "0-1"]
[WhiteElo "2016"]
[BlackElo "2438"]
[PlyCount "96"]
[EventDate "2010.08.29"]

1. e4 c5 2. c3 Nf6 3. e5 Nd5 4. d4 cxd4 5. cxd4 e6 6. Nf3 b6 7. Nc3 Nxc3 8.
bxc3 Qc7 9. Bd2 d6 10. Bd3 Nd7 11. Qe2 Bb7 12. O-O dxe5 13. dxe5 g6 14. Bb5 Bg7
15. Bxd7+ Qxd7 16. Nd4 O-O 17. f4 Rfd8 18. Rfd1 Qa4 19. Be3 Ba6 20. Qb2 Bf8 21.
Qb3 Qc4 22. Qxc4 Bxc4 23. a4 a6 24. Kf2 Rdc8 25. Rab1 Bd5 26. Ne2 Rc4 27. Rd4
Rc6 28. Rd2 Rb8 29. Rdb2 Rc4 30. Rxb6 Rxb6 31. Rxb6 Rxa4 32. Rb8 Kg7 33. f5
exf5 34. Nf4 Ra2+ 35. Kg1 Be4 36. Bd4 Ba3 37. e6+ f6 38. Rd8 Be7 39. Rd7 Kf8
40. Bxf6 Bxf6 41. Rf7+ Ke8 42. Rxf6 g5 43. Nh5 Ke7 44. Rf7+ Kxe6 45. Rxh7 Rxg2+
46. Kf1 Rc2 47. Rh6+ Ke5 48. Nf6 Bd3+ 0-1

[Event "VIII Festival A"]
[Site "Amantea ITA"]
[Date "2010.08.29"]
[Round "1"]
[White "Drasko, Milan"]
[Black "Cordi', Domenico"]
[Result "0-1"]
[WhiteElo "2505"]
[BlackElo "2047"]
[PlyCount "92"]
[EventDate "2010.08.29"]

1. Nf3 Nf6 2. g3 g6 3. d4 Bg7 4. c4 O-O 5. Bg2 c5 6. d5 d6 7. O-O Bf5 8. h3 h5
9. Ng5 Na6 10. e4 Bd7 11. Nc3 Nc7 12. a4 Rb8 13. f4 Nh7 14. Nf3 a6 15. e5 b5
16. Qe2 bxc4 17. Nd2 Qc8 18. Kh2 dxe5 19. fxe5 Na8 20. Re1 Rb4 21. Nxc4 Nb6 22.
Nxb6 Rxb6 23. d6 e6 24. Bf4 Bc6 25. Ne4 Rb4 26. Rac1 Bxe4 27. Bxe4 Rxa4 28. Qc2
Rb4 29. Re2 c4 30. h4 Qb8 31. Bc6 Rc8 32. Ba4 Nf8 33. b3 c3 34. Re3 Qb6 35. Rd3
Rd4 36. Qf2 Bxe5 37. d7 Rd8 38. Rcxc3 Bf6 39. Bc7 Rxh4+ 40. Kg1 Rh1+ 41. Kxh1
Qxf2 42. Rc1 Qf5 43. Rcd1 e5 44. Bc6 Ne6 45. Bxd8 Bxd8 46. Kg2 Nd4 0-1

[Event "VIII Festival A"]
[Site "Amantea ITA"]
[Date "2010.08.29"]
[Round "1"]
[White "Familari, Giuseppe"]
[Black "Ljubisavljevic, Zivojin Z."]
[Result "0-1"]
[WhiteElo "1947"]
[BlackElo "2271"]
[PlyCount "58"]
[EventDate "2010.08.29"]

1. e4 g6 2. d4 Bg7 3. Nc3 d6 4. Be3 c6 5. h4 h5 6. Nh3 b5 7. Qd2 b4 8. Ne2 a5
9. Ng5 Ba6 10. f3 Nd7 11. Nf4 Bxf1 12. Rxf1 Qb6 13. O-O-O Qb5 14. Rfe1 Nh6 15.
e5 dxe5 16. dxe5 O-O-O 17. e6 Ne5 18. Qe2 Qxe2 19. Nxe2 f6 20. Ne4 Nc4 21. Bd4
Nf5 22. Bc5 Bh6+ 23. Kb1 Be3 24. Bxe3 Ncxe3 25. Rxd8+ Rxd8 26. Nf4 Nxh4 27. Kc1
Nhxg2 28. Nxg2 Nxg2 29. Rg1 Nf4 0-1

[Event "VIII Festival A"]
[Site "Amantea ITA"]
[Date "2010.08.29"]
[Round "1"]
[White "Gershenov, Ben"]
[Black "Blagojevic, Dragisa"]
[Result "0-1"]
[WhiteElo "2037"]
[BlackElo "2499"]
[PlyCount "50"]
[EventDate "2010.08.29"]

1. d4 Nf6 2. c4 e6 3. Nf3 d5 4. a3 dxc4 5. Nc3 a6 6. e4 b5 7. Bg5 Bb7 8. Qc2
Be7 9. O-O-O Nbd7 10. h4 h6 11. Bf4 c6 12. g4 Nxg4 13. Rg1 Ngf6 14. Bh3 Nh5 15.
Be3 Qc7 16. Ne5 Nxe5 17. dxe5 Qxe5 18. Bb6 c5 19. Rg4 f5 20. exf5 exf5 21. Bc7
Qf6 22. Rgg1 O-O 23. Qe2 Qxh4 24. Qe6+ Kh8 25. Bxf5 Bc8 0-1

[Event "VIII Festival A"]
[Site "Amantea ITA"]
[Date "2010.08.29"]
[Round "1"]
[White "Gromovs, Sergejs"]
[Black "Diaz, Linda"]
[Result "1/2-1/2"]
[WhiteElo "2365"]
[BlackElo "2010"]
[PlyCount "101"]
[EventDate "2010.08.29"]

1. d4 Nf6 2. Nf3 e6 3. c4 c5 4. d5 exd5 5. cxd5 g6 6. Nc3 d6 7. e4 a6 8. a4 Bg7
9. Bg5 Bg4 10. Be2 Nbd7 11. Nd2 Bxe2 12. Qxe2 O-O 13. O-O Re8 14. f4 Qc7 15.
Qd3 Rac8 16. Nc4 Ng4 17. Qf3 Ngf6 18. e5 dxe5 19. fxe5 Nxe5 20. Nxe5 Rxe5 21.
Bf4 Nd7 22. d6 Qxd6 23. Rad1 Qe7 24. Qxb7 Rd8 25. Bxe5 Bxe5 26. Rfe1 Bd4+ 27.
Kh1 Qh4 28. Qe4 Qg5 29. Qe7 Qxe7 30. Rxe7 Nb6 31. b3 Rb8 32. Ne2 Nd5 33. Rd7
Nf6 34. R7xd4 cxd4 35. Nxd4 Rd8 36. Kg1 Ng4 37. Rd2 Ne5 38. Kf2 Nc6 39. Nf3
Rxd2+ 40. Nxd2 Kf8 41. Ke3 Ke7 42. Kd3 Kd6 43. Ne4+ Kd5 44. Ng5 Ne5+ 45. Kc3 h6
46. Nf3 Nxf3 47. gxf3 f5 48. b4 g5 49. Kd3 h5 50. b5 axb5 51. axb5 1/2-1/2

[Event "VIII Festival A"]
[Site "Amantea ITA"]
[Date "2010.08.29"]
[Round "1"]
[White "Hajenius, Willem"]
[Black "Grigore, George-Gabriel"]
[Result "0-1"]
[WhiteElo "2050"]
[BlackElo "2532"]
[PlyCount "38"]
[EventDate "2010.08.29"]

1. d4 Nf6 2. c4 g6 3. Nc3 Bg7 4. e4 d6 5. f4 c5 6. d5 O-O 7. Nf3 e6 8. Be2 exd5
9. cxd5 Bg4 10. e5 dxe5 11. fxe5 Bxf3 12. Bxf3 Nfd7 13. O-O Nxe5 14. Be3 Nbd7
15. Be2 Rc8 16. Rc1 Nb6 17. b3 Re8 18. Bb5 Ned7 19. Qf3 Rxe3 0-1

[Event "VIII Festival A"]
[Site "Amantea ITA"]
[Date "2010.08.29"]
[Round "1"]
[White "Llaneza Vega, Marcos"]
[Black "Forlano, Luigi"]
[Result "1-0"]
[WhiteElo "2470"]
[BlackElo "2035"]
[PlyCount "21"]
[EventDate "2010.08.29"]

1. e4 c5 2. Nc3 g6 3. d4 Bg7 4. dxc5 Qa5 5. Bd2 Qxc5 6. Nd5 Na6 7. Nf3 Nf6 8.
b4 Qd6 9. Bf4 e5 10. Nxf6+ Qxf6 11. Bxe5 1-0

[Event "VIII Festival A"]
[Site "Amantea ITA"]
[Date "2010.08.29"]
[Round "1"]
[White "Llaneza Vega, Patricia"]
[Black "Bifulco, Michel"]
[Result "1-0"]
[WhiteElo "2289"]
[BlackElo "1952"]
[PlyCount "55"]
[EventDate "2010.08.29"]

1. e4 c5 2. Nf3 d6 3. d4 cxd4 4. Nxd4 Nf6 5. Nc3 g6 6. g3 Bg7 7. Bg2 O-O 8. O-O
Nc6 9. Nde2 Be6 10. Nd5 Bxd5 11. exd5 Ne5 12. a4 Rc8 13. b3 Nfd7 14. Ra2 Nc5
15. h3 Na6 16. Bd2 Nd7 17. c4 Nac5 18. Bc3 Bxc3 19. Nxc3 a5 20. Re2 Ne5 21. Nb5
Ned3 22. Re3 Nb4 23. Rfe1 Re8 24. h4 b6 25. h5 Rb8 26. Nd4 Rb7 27. h6 Nd7 28.
Nc6 1-0

[Event "VIII Festival A"]
[Site "Amantea ITA"]
[Date "2010.08.29"]
[Round "1"]
[White "Luvera', Filippo"]
[Black "Bentivegna, Francesco"]
[Result "0-1"]
[WhiteElo "1953"]
[BlackElo "2340"]
[PlyCount "60"]
[EventDate "2010.08.29"]

1. e4 e5 2. Nf3 Nc6 3. Nc3 Nf6 4. d4 Bb4 5. d5 Nb8 6. Bg5 h6 7. Bh4 d6 8. Be2
g5 9. Bg3 Nxe4 10. Qd3 Bxc3+ 11. bxc3 Nc5 12. Qc4 b6 13. Qb4 a5 14. Qa3 f5 15.
h3 O-O 16. O-O-O Ba6 17. c4 Nbd7 18. Nd2 Qf6 19. f3 Rfb8 20. Bf2 b5 21. cxb5
Bxb5 22. Bxb5 Rxb5 23. Nb3 Rab8 24. g3 Nb6 25. Nxc5 dxc5 26. Qc3 Na4 27. Qa3
Nb2 28. Rde1 Nc4 29. Qb3 Rxb3 30. cxb3 e4 0-1

[Event "VIII Festival A"]
[Site "Amantea ITA"]
[Date "2010.08.29"]
[Round "1"]
[White "Milchev, Nikolay"]
[Black "Grasso, Gaetano"]
[Result "1-0"]
[WhiteElo "2360"]
[BlackElo "1975"]
[PlyCount "57"]
[EventDate "2010.08.29"]

1. Nf3 Nf6 2. c4 Nc6 3. d4 e6 4. a3 d6 5. Nc3 Be7 6. e4 e5 7. d5 Nb8 8. h3 a5
9. Be3 O-O 10. g4 Na6 11. b4 c6 12. Be2 Bd7 13. b5 cxb5 14. cxb5 Rc8 15. bxa6
Rxc3 16. axb7 Rxe3 17. fxe3 Nxe4 18. Rb1 Bh4+ 19. Kf1 Nc3 20. b8=Q Nxd1 21.
Bxd1 Qf6 22. Kg2 h5 23. Qc7 hxg4 24. Qxd7 g3 25. Bc2 g5 26. Qf5 Qg7 27. Be4 Kh8
28. Rhc1 Qh6 29. Rc8 1-0

[Event "VIII Festival A"]
[Site "Amantea ITA"]
[Date "2010.08.29"]
[Round "1"]
[White "Panarello, Giuseppe"]
[Black "Abatino, Maurizio"]
[Result "1/2-1/2"]
[WhiteElo "1925"]
[BlackElo "2163"]
[PlyCount "28"]
[EventDate "2010.08.29"]

1. d4 Nf6 2. Nf3 b6 3. Bf4 Bb7 4. e3 e6 5. h3 Be7 6. Bd3 c5 7. c3 cxd4 8. exd4
d6 9. Nbd2 Nbd7 10. O-O O-O 11. Re1 Re8 12. Qe2 Qc7 13. Bh2 a6 14. a4 Qc6
1/2-1/2

[Event "VIII Festival A"]
[Site "Amantea ITA"]
[Date "2010.08.29"]
[Round "1"]
[White "Santagati, Alessandro"]
[Black "Pelyushenko, Ivanna"]
[Result "1-0"]
[WhiteElo "2187"]
[BlackElo "1926"]
[PlyCount "43"]
[EventDate "2010.08.29"]

1. d4 d5 2. c4 c6 3. e3 e6 4. Nf3 Nf6 5. Qc2 Nbd7 6. Nc3 Be7 7. b3 a6 8. Bd3
O-O 9. O-O Qc7 10. Bb2 Re8 11. Ne5 Bd6 12. f4 h6 13. c5 Be7 14. Rf3 Qd8 15.
Raf1 Rf8 16. g4 Nxe5 17. fxe5 Ne8 18. Bh7+ Kh8 19. Rxf7 Rxf7 20. Rxf7 Nc7 21.
Ne2 Bd7 22. Nf4 1-0

[Event "VIII Festival A"]
[Site "Amantea ITA"]
[Date "2010.08.29"]
[Round "1"]
[White "Scerbo, Antonio"]
[Black "Carola, Paolo"]
[Result "1/2-1/2"]
[WhiteElo "2116"]
[BlackElo "1917"]
[PlyCount "116"]
[EventDate "2010.08.29"]

1. d4 d5 2. Nf3 Nf6 3. c4 e6 4. Bg5 h6 5. Bxf6 Qxf6 6. Nc3 c6 7. Qc2 Na6 8. e4
Nb4 9. Qb1 dxe4 10. Nxe4 Qf4 11. a3 Na6 12. Be2 Be7 13. b4 Bd7 14. Ne5 Rd8 15.
g3 Qf5 16. Bg4 Qh7 17. d5 cxd5 18. cxd5 O-O 19. Nxd7 Rxd7 20. dxe6 Rd4 21.
exf7+ Rxf7 22. f3 Nc7 23. O-O h5 24. Bc8 h4 25. g4 Qg6 26. Qb3 Kf8 27. Rad1 Qb6
28. Rxd4 Qxd4+ 29. Kg2 Nd5 30. Re1 Nf4+ 31. Kh1 Nh3 32. Rf1 Ng5 33. Bxb7 Nxe4
34. Bxe4 Bd6 35. Qd5 Qxd5 36. Bxd5 Re7 37. Be4 a5 38. bxa5 Ra7 39. Rd1 Bxa3 40.
Ra1 Rxa5 41. Kg2 g5 42. f4 gxf4 43. Kh3 Bb4 44. Rxa5 Bxa5 45. Kxh4 Kg7 46. Kh5
Bd8 47. h4 Be7 48. g5 Bc5 49. Kg4 Bd6 50. h5 Be7 51. h6+ Kh8 52. g6 Bf8 53. Kh5
Kg8 54. Bf3 Kh8 55. Bd5 f3 56. Bxf3 Kg8 57. Be4 Kh8 58. Bd5 Bxh6 1/2-1/2

[Event "VIII Festival A"]
[Site "Amantea ITA"]
[Date "2010.08.29"]
[Round "1"]
[White "Vespe, Francesco"]
[Black "Mladenov, Plamen"]
[Result "0-1"]
[WhiteElo "1996"]
[BlackElo "2363"]
[PlyCount "146"]
[EventDate "2010.08.29"]

1. d4 Nf6 2. c4 g6 3. Nc3 d5 4. cxd5 Nxd5 5. e4 Nxc3 6. bxc3 Bg7 7. Bc4 c5 8.
Be3 Nc6 9. Ne2 O-O 10. O-O Bg4 11. f3 Na5 12. Bd3 cxd4 13. cxd4 Be6 14. d5 Bxa1
15. Qxa1 f6 16. Qd4 Bd7 17. e5 e6 18. Nf4 Re8 19. Bd2 b6 20. Bxa5 bxa5 21. dxe6
fxe5 22. Qxe5 Rc8 23. Be4 Qb6+ 24. Kh1 Qb5 25. Qa1 Bxe6 26. Nxe6 Rxe6 27. Rd1
Re5 28. Qd4 Qc5 29. Qd2 Re7 30. Bd5+ Kg7 31. h4 Qb4 32. Qg5 Re1+ 33. Rxe1 Qxe1+
34. Kh2 h6 35. Qf4 Qe7 36. Qd4+ Kh7 37. h5 Qd6+ 38. g3 Rd8 39. hxg6+ Qxg6 40.
Qxa7+ Kh8 41. Qd4+ Qg7 42. Qxg7+ Kxg7 43. Bb3 Kf6 44. Kh3 Rd4 45. f4 a4 46. Bg8
Rd8 47. Bc4 Kf5 48. Bf7 Rd2 49. Bg8 Ke4 50. Be6 Rd6 51. f5 Ke5 52. Kg4 Kf6 53.
Kh5 Rd1 54. Kg4 Rh1 55. Kf4 Rh2 56. Kg4 h5+ 57. Kf4 Rb2 58. Ke4 Rb4+ 59. Kf3
Kg5 60. Kf2 Rb6 61. Kf3 Rc6 62. Ke4 Rc3 63. Ke5 Rxg3 64. Kd6 Kf6 65. Kc5 h4 66.
Kb4 a3 67. Bb3 h3 68. Bd5 Kxf5 69. Ba8 h2 70. Bb7 Re3 71. Bh1 Kf4 72. Bc6 Kg3
73. Kc4 Kf2 0-1

[Event "VIII Festival A"]
[Site "Amantea ITA"]
[Date "2010.08.30"]
[Round "2"]
[White "Abatino, Maurizio"]
[Black "Scerbo, Antonio"]
[Result "1/2-1/2"]
[WhiteElo "2163"]
[BlackElo "2116"]
[PlyCount "26"]
[EventDate "2010.08.29"]

1. c4 c5 2. Nf3 e6 3. g3 Nf6 4. Bg2 d5 5. b3 Nc6 6. Bb2 d4 7. d3 Be7 8. O-O O-O
9. e4 e5 10. Na3 a6 11. Nc2 b5 12. Nd2 Ne8 13. f4 Nd6 1/2-1/2

[Event "VIII Festival A"]
[Site "Amantea ITA"]
[Date "2010.08.30"]
[Round "2"]
[White "Bentivegna, Francesco"]
[Black "Ljubisavljevic, Zivojin Z."]
[Result "0-1"]
[WhiteElo "2340"]
[BlackElo "2271"]
[PlyCount "106"]
[EventDate "2010.08.29"]

1. e4 c6 2. d4 d5 3. e5 Bf5 4. Nd2 e6 5. g4 Bg6 6. Ne2 c5 7. h4 h6 8. Nf4 Bh7
9. dxc5 Bxc5 10. Nb3 Bb6 11. Bb5+ Nc6 12. Nh5 Kf8 13. Bxc6 bxc6 14. Be3 Bxe3
15. fxe3 Be4 16. Rh2 Qb6 17. Qe2 a5 18. c3 a4 19. Nd4 Qc7 20. Rf2 Qxe5 21. Nxc6
Qd6 22. Nd4 a3 23. b3 e5 24. Nf5 Qc5 25. Rc1 g6 26. Nfg7 Qe7 27. Kd2 gxh5 28.
Nxh5 Bg6 29. Rcf1 Bxh5 30. gxh5 Rh7 31. Rg1 Nf6 32. Kc2 Rg7 33. Rfg2 Rxg2 34.
Qxg2 Qe6 35. e4 Ke7 36. exd5 Qxd5 37. Qxd5 Nxd5 38. b4 Rc8 39. Rg3 Nxb4+ 40.
Kb3 Nd5 41. c4 Nf4 42. Kb4 Rb8+ 43. Kc5 Ke6 44. Rxa3 Rc8+ 45. Kb5 e4 46. Re3
Ke5 47. a4 Kd4 48. Re1 e3 49. a5 Rc5+ 50. Kb6 Rxc4 51. Ra1 Nd5+ 52. Kb7 Nb4 53.
Rd1+ Kc3 0-1

[Event "VIII Festival A"]
[Site "Amantea ITA"]
[Date "2010.08.30"]
[Round "2"]
[White "Bifulco, Michel"]
[Black "Colucci, Pasquale"]
[Result "1-0"]
[WhiteElo "1952"]
[BlackElo "2016"]
[PlyCount "73"]
[EventDate "2010.08.29"]

1. d4 Nf6 2. c4 g6 3. Nf3 Bg7 4. g3 O-O 5. Bg2 d6 6. O-O Nbd7 7. Nc3 c6 8. e4
e5 9. h3 Qe7 10. Re1 h6 11. b3 Ne8 12. Bb2 exd4 13. Nxd4 Nc5 14. Qd2 Ne6 15.
Nxe6 Bxe6 16. Nd5 cxd5 17. Bxg7 Kxg7 18. exd5 Qd7 19. dxe6 fxe6 20. Rad1 Kh7
21. Re4 Rc8 22. Rh4 Qg7 23. Bxb7 Rc7 24. Bg2 Rcf7 25. f3 g5 26. Re4 e5 27. Re2
Nf6 28. Qc2+ Kh8 29. Rxd6 e4 30. fxe4 Ne8 31. Rd1 Rd7 32. Rxd7 Qxd7 33. Qd2 Qc7
34. Qd4+ Ng7 35. Kh2 Rd8 36. Qc3 Qc5 37. Rd2 1-0

[Event "VIII Festival A"]
[Site "Amantea ITA"]
[Date "2010.08.30"]
[Round "2"]
[White "Blagojevic, Dragisa"]
[Black "Llaneza Vega, Patricia"]
[Result "1-0"]
[WhiteElo "2499"]
[BlackElo "2289"]
[PlyCount "49"]
[EventDate "2010.08.29"]

1. d4 Nf6 2. c4 g6 3. Nf3 Bg7 4. g3 O-O 5. Bg2 d6 6. O-O Nbd7 7. Nc3 e5 8. e4
exd4 9. Nxd4 Re8 10. h3 a6 11. b3 Rb8 12. Be3 c5 13. Nde2 Ne5 14. a4 Nc6 15.
Rb1 b6 16. Qd2 Bb7 17. Rfd1 Bf8 18. Bg5 Nb4 19. f3 Re6 20. h4 Bg7 21. Bh3 Re8
22. Qxd6 h6 23. Bf4 Ra8 24. Qxd8 Raxd8 25. Bc7 1-0

[Event "VIII Festival A"]
[Site "Amantea ITA"]
[Date "2010.08.30"]
[Round "2"]
[White "Collutiis, Duilio"]
[Black "Santagati, Alessandro"]
[Result "1-0"]
[WhiteElo "2438"]
[BlackElo "2187"]
[PlyCount "37"]
[EventDate "2010.08.29"]

1. e4 e6 2. d4 d5 3. Nd2 c5 4. Ngf3 cxd4 5. Nxd4 Nc6 6. Bb5 Bd7 7. Nxc6 Bxc6 8.
Bxc6+ bxc6 9. c4 Nf6 10. Qa4 Qb6 11. cxd5 exd5 12. O-O Be7 13. Re1 Qc5 14. exd5
Qxd5 15. Nc4 Rd8 16. Bf4 Qc5 17. Na5 O-O 18. Nxc6 Rde8 19. b4 1-0

[Event "VIII Festival A"]
[Site "Amantea ITA"]
[Date "2010.08.30"]
[Round "2"]
[White "Diaz, Linda"]
[Black "Panarello, Giuseppe"]
[Result "1-0"]
[WhiteElo "2010"]
[BlackElo "1925"]
[PlyCount "77"]
[EventDate "2010.08.29"]

1. e4 c5 2. Nf3 d6 3. c3 Nf6 4. Qc2 Qc7 5. Bc4 e6 6. d4 Nbd7 7. Bf4 Be7 8. Nbd2
O-O 9. O-O e5 10. Bg3 Nh5 11. Rac1 a6 12. a4 Rb8 13. Qd3 Nxg3 14. fxg3 Qc6 15.
a5 Qc7 16. b4 Bf6 17. Rfd1 Ra8 18. Bd5 Ra7 19. Nc4 b5 20. axb6 Nxb6 21. Nxb6
Qxb6 22. bxc5 dxc5 23. dxe5 Be7 24. Rb1 Qc7 25. Qc4 a5 26. Rb2 Ba6 27. Qa2 c4
28. Kh1 Rb8 29. Rxb8+ Qxb8 30. Bxc4 Bxc4 31. Qxc4 a4 32. e6 f6 33. Nd4 Rc7 34.
Qxa4 Rxc3 35. Nc6 Qb7 36. Nxe7+ Qxe7 37. Qa8+ Qf8 38. e7 Qxa8 39. Rd8+ 1-0

[Event "VIII Festival A"]
[Site "Amantea ITA"]
[Date "2010.08.30"]
[Round "2"]
[White "Forlano, Luigi"]
[Black "Luvera', Filippo"]
[Result "1-0"]
[WhiteElo "2035"]
[BlackElo "1953"]
[PlyCount "55"]
[EventDate "2010.08.29"]

1. e4 c5 2. Nc3 Nc6 3. f4 g6 4. Nf3 Bg7 5. Bb5 Nd4 6. O-O Nxb5 7. Nxb5 a6 8.
Nc3 e6 9. d4 cxd4 10. Nxd4 Ne7 11. Be3 O-O 12. Qd2 d5 13. e5 Bd7 14. Rae1 Rc8
15. g4 Nc6 16. g5 Na5 17. b3 Qc7 18. Nce2 b5 19. Rf3 h5 20. gxh6 Bxh6 21. f5
Bxe3+ 22. Qxe3 exf5 23. Nf4 Qc5 24. Rh3 Nc6 25. Nh5 f6 26. Qh6 Rf7 27. Nxf6+
Rxf6 28. Qh8+ 1-0

[Event "VIII Festival A"]
[Site "Amantea ITA"]
[Date "2010.08.30"]
[Round "2"]
[White "Grasso, Gaetano"]
[Black "Familari, Giuseppe"]
[Result "1-0"]
[WhiteElo "1975"]
[BlackElo "1947"]
[PlyCount "83"]
[EventDate "2010.08.29"]

1. e4 e6 2. b3 d5 3. Bb2 dxe4 4. Nc3 Nf6 5. g4 h6 6. Bg2 Bd7 7. Qe2 Bc6 8.
O-O-O Be7 9. Nxe4 Nxe4 10. Bxe4 Bf6 11. Nf3 Bxb2+ 12. Kxb2 Qf6+ 13. d4 Bxe4 14.
Qxe4 c6 15. h4 a5 16. g5 Qe7 17. g6 f5 18. Qe2 a4 19. Rhe1 axb3 20. Qxe6 Qxe6
21. Rxe6+ Kd7 22. Rde1 bxa2 23. Re7+ Kc8 24. Rxg7 Nd7 25. Rf7 Nb6 26. Ne5 Nd5
27. Ra1 Nb4 28. Rxf5 Rd8 29. c3 Nd5 30. Nf7 Rg8 31. Nxh6 Rxg6 32. Rf8+ Kc7 33.
Rxa8 Rxh6 34. Rh1 Rf6 35. Rxa2 Rxf2+ 36. Kb3 Rf3 37. Rc2 Ne3 38. Rcc1 Ng4 39.
h5 Nh6 40. Rcg1 Nf5 41. Rd1 Ng3 42. Rh3 1-0

[Event "VIII Festival A"]
[Site "Amantea ITA"]
[Date "2010.08.30"]
[Round "2"]
[White "Grigore, George-Gabriel"]
[Black "Borsos, Bogdan"]
[Result "1-0"]
[WhiteElo "2532"]
[BlackElo "2342"]
[PlyCount "63"]
[EventDate "2010.08.29"]

1. d4 d6 2. c4 e5 3. Nf3 exd4 4. Nxd4 Ne7 5. Nc3 g6 6. Bg5 c6 7. Bf6 Rg8 8. Qd2
a6 9. Rd1 Nd7 10. Ne4 Nc5 11. Nc3 Qb6 12. e4 Bg7 13. Bxg7 Rxg7 14. Nc2 Ne6 15.
Na4 Qc7 16. Qxd6 Qxd6 17. Rxd6 Bd7 18. Rxd7 Kxd7 19. Nb6+ Kd6 20. e5+ Kxe5 21.
Nxa8 b5 22. Nb6 Rg8 23. Nd7+ Kf5 24. Bd3+ Kg5 25. Ne5 Nf4 26. g3 Nxd3+ 27. Nxd3
bxc4 28. Ne5 c3 29. bxc3 Nd5 30. c4 Re8 31. cxd5 Rxe5+ 32. Ne3 1-0